000 00770cam a22002411 4500
999 _c22469
_d22469
001 6541962
003 BDDh-ASL
005 20231015030133.0
008 770316s1958 enka 000 0 eng
010 _a 58041925
035 _a(OCoLC)2806525
040 _aDLC
_cMdBJ
_dOCoLC
_dDLC
_dBDDh-ASL
042 _apremarc
050 0 0 _aDS485.C8
_bR87
082 _a954.4
_bWIB
100 1 _aRushbrook Williams, L. F.
_q(Laurence Frederic),
_d1890-1978.
245 1 4 _aThe black hills:
_bKutch in history and legend: a study in Indian local loyalties /
260 _aLondon :
_bWeidenfeld and Nicolson,
_c[1958]
300 _a276 p. :
_billus.
_c23 cm.
651 0 _aKachchh (India)
_xHistory.
906 _a7
_bcbc
_coclcrpl
_du
_encip
_f19
_gy-gencatlg
942 _2ddc
_cBK